000 01505nam a2200277 a 4500
001 00003880
003 DO-SdBNP
005 20180312082810.0
007 00003880
008 091118s2002 dr ac 000 0 spa d
020 _a999348735X
040 _aBNPHU
_bspa
_cBNPHU
092 _axxxxx
_bA634L
245 0 0 _aAntología literaria 4 :
_beducación media /
_cselección Manuel García Cartagena ; ilustración Ruddy Núñez.
260 _aSanto Domingo :
_bSantillana,
_c2002.
300 _a151 p. :
_bil., retrs. ;
_c28 cm.
490 1 _aUmbral
500 _aLiteratura dominicana (siglo XX) conectada con literatura hispanoamericana (siglo XX).
505 0 _g2do curso/ Segundo ciclo
_gUnidad 1
_tPrimeros proyectos poéticos dominicanos --
_gUnidad 2
_tLetras dominicanas de los años 1940 --
_gUnidad 3
_tLetras en son de guerra --
_gUnidad 4
_tCon letra de mujer --
_gUnidad 5
_tPoesía de la crisis, crisis de la poesía --
_gUnidad 6
_tLos nuevos prosistas --
_gUnidad 7
_tPoetas vanguardistas hispanoamericanos --
_gUnidad 8
_tNarrativa postmodernista hispanoamericana --
_gUnidad 9
_tHispanoaméricana: medio siglo de poetas --
_gUnidad 10
_tEl boom de la novela hispanoamericana --
_gUnidad 11
_tEscritoras hispanoamericanas --
_gUnidad 12
_tHispanoamérica: ¿qué se cuenta hoy?
700 1 _aGarcía Cartagena, Manuel,
700 1 2 _aNúñez, Ruddy ,
_eil.
830 0 _aUmbral
942 _2ddc
_cBK
945 _aRemanejado para la BNPHU / 2018 VM
956 _aLOPEREZ
_b10
_c20160421
_lBPMSU
_h00041
999 _c9881
_d9881